Fauna of British India: Reptilia and Amphibia, Vol. I - III: 018327\~part no. 1:\~part no. 1 (Record no. 601224)

MARC details
000 -LEADER
fixed length control field 00586nam a2200145Ia 4500
008 - FIXED-LENGTH DATA ELEMENTS--GENERAL INFORMATION
fixed length control field 100415s9999 xx 000 0 und d
082 ## - DEWEY DECIMAL CLASSIFICATION NUMBER
Item number 18327
Classification number 598.1(54)
100 ## - MAIN ENTRY--PERSONAL NAME
Personal name SMITH M.A.
245 ## - TITLE STATEMENT
Title Fauna of British India: Reptilia and Amphibia, Vol. I - III: 018327\~part no. 1:\~part no. 1
260 ## - PUBLICATION, DISTRIBUTION, ETC. (IMPRINT)
Place of publication, distribution, etc NEW DELHI
Date of publication, distribution, etc 1974
Name of publisher, distributor, etc TODAY & TOMORROW
365 ## - TRADE PRICE
Price amount 0
630 ## - SUBJECT ADDED ENTRY--UNIFORM TITLE
Uniform title Fauna of British India: Reptilia and Amphibia, Vol. I - III: 018327\~part no. 1:\~part no. 1
730 ## - ADDED ENTRY--UNIFORM TITLE
Uniform title Fauna of British India: Reptilia and Amphibia, Vol. I - III: 018327\~part no. 1:\~part no. 1
942 ## - ADDED ENTRY ELEMENTS (KOHA)
Koha item type Book
Holdings
Withdrawn status Lost status Damaged status Not for loan Home library Current library Date acquired Cost, normal purchase price Total Checkouts Full call number Barcode Date last seen Price effective from Koha item type
        Bombay Natural History Society Bombay Natural History Society 05/03/2000 0.00   598.1(54) 18327 BNHS-18327 04/15/2010 04/15/2010 Book